UBT Library

The complete poems of C. P. Cavafy; (Record no. 39643)

000 -LEADER
fixed length control field 00669cam a2200253 4500
001 - CONTROL NUMBER
control field 2244919
005 - DATE AND TIME OF LATEST TRANSACTION
control field 20180103074429.0
008 - FIXED-LENGTH DATA ELEMENTS--GENERAL INFORMATION
fixed length control field 710217s1968 enk b 000 0 eng
010 ## - LIBRARY OF CONGRESS CONTROL NUMBER
LC control number 76535501
015 ## - NATIONAL BIBLIOGRAPHY NUMBER
National bibliography number B68-25922
020 ## - INTERNATIONAL STANDARD BOOK NUMBER
International Standard Book Number 0701200278
040 ## - CATALOGING SOURCE
Original cataloging agency DLC
Transcribing agency DLC
Modifying agency DLC
041 1# - LANGUAGE CODE
Language code of text/sound track or separate title enggre
080 ## - UNIVERSAL DECIMAL CLASSIFICATION NUMBER
Universal Decimal Classification number 82 DAL
082 ## - DEWEY DECIMAL CLASSIFICATION NUMBER
Classification number 82 DAL
100 1# - Rafti
Rafti 21
101 ## - Shkurtesa
Shkurtesa GJL
240 10 - UNIFORM TITLE
Uniform title <a href="Poems.">Poems.</a>
Language of a work English
245 14 - TITLE STATEMENT
Title The complete poems of C. P. Cavafy;
Statement of responsibility, etc translated by Rae Dalven, with an introduction by W. H. Auden.
350 ## - PRICE (NR) (BK AM CF MU VM SE) [OBSOLETE]
Price 15/-
504 ## - BIBLIOGRAPHY, ETC. NOTE
Bibliography, etc Bibliography: p. 233-234.
906 ## - LOCAL DATA ELEMENT F, LDF (RLIN)
a 7
b cbc
c orignew
d 4
e ncip
f 19
g y-gencatlg
942 ## - ADDED ENTRY ELEMENTS (KOHA)
Source of classification or shelving scheme
Item type Books
Holdings
Withdrawn status Lost status Source of classification or shelving scheme Damaged status Not for loan Collection code Permanent location Current location Shelving location Date acquired Total Checkouts Full call number Barcode Date last seen Price effective from Koha item type
          Koleksioni i përgjithshem UBT - Lipjan UBT - Lipjan Koleksioni i përgjithshem 01/03/2018   82 DAL 002-2994115 01/03/2018 01/03/2018 Books
UBT Library © 2015-2024. All rights reserved University Education for Business and Technology